[Event "CAN-ch"]
[Site "Guelph CAN"]
[Date "2009.08.10"]
[Round "3"]
[White "Kaminski, Thomas"]
[Black "Vincent, Trevor"]
[Result "1/2-1/2"]
[WhiteElo "2183"]
[BlackElo "2290"]
[PlyCount "89"]
[GameId "2160767910093247"]
[EventDate "2009.08.08"]
[EventType "swiss"]
[EventRounds "9"]
[EventCountry "CAN"]

1. d4 f5 2. g3 Nf6 3. Bg2 e6 4. c4 c6 5. Qc2 d5 6. Nh3 Bd6 7. O-O O-O 8. Bf4 Be7 9. Nd2 Na6 10. a3 h6 11. b4 g5 12. Be5 Ng4 13. b5 cxb5 14. cxd5 Nxe5 15. dxe5 exd5 16. Qd3 Nc7 17. Nb3 a6 18. Rfd1 Kg7 19. Nd4 Qe8 20. Rac1 Bd8 21. f4 Qg6 22. e3 Bd7 23. Rc5 Be6 24. Rdc1 Rf7 25. fxg5 hxg5 26. Nxg5 Bxg5 27. Rxc7 Rd8 28. g4 Qh6 29. gxf5 Bxe3+ 30. Kh1 Bd7 31. Rf1 Bf4 32. Rxf4 Qxf4 33. Rxd7 Qc1+ 34. Bf1 Rdxd7 35. e6 Kf6 36. exd7 Rxd7 37. Qh3 Rh7 38. Qf3 Rh4 39. Ne2 Qd1 40. Qf2 Rc4 41. Ng3 d4 42. Qf4 d3 43. Qd6+ Kg5 44. Qg6+ Kf4 45. Qh6+ 1/2-1/2

[Event "CAN-ch"]
[Site "Guelph CAN"]
[Date "2009.08.10"]
[Round "3"]
[White "MacKinnon, Keith"]
[Black "Livshits, Ron"]
[Result "0-1"]
[WhiteElo "2148"]
[BlackElo "2332"]
[PlyCount "80"]
[GameId "2160767910093249"]
[EventDate "2009.08.08"]
[EventType "swiss"]
[EventRounds "9"]
[EventCountry "CAN"]
[SourceTitle "CBM 132 Extra"]
[Source "ChessBase"]
[SourceDate "2009.11.03"]
[SourceVersion "1"]
[SourceVersionDate "2009.11.03"]
[SourceQuality "1"]

1. e4 e5 2. Nf3 Nc6 3. Bb5 a6 4. Bxc6 dxc6 5. O-O f6 6. d4 exd4 7. Nxd4 Ne7 8. Nc3 Ng6 9. Be3 Bd6 10. Qh5 O-O 11. Rad1 Qe8 12. f4 Bd7 13. a3 Rd8 14. Nf5 Bxf5 15. Qxf5 Qf7 16. Rd3 Rde8 17. Rfd1 Re6 18. g3 Rfe8 19. Qh5 Nf8 20. Qxf7+ Kxf7 21. Kg2 R6e7 22. Kf3 Ne6 23. h4 b5 24. e5 fxe5 25. Ne4 exf4 26. gxf4 Nf8 27. Rxd6 Rxe4 28. R6d3 Ng6 29. Rh1 Rc4 30. Rd7+ Re7 31. Rxe7+ Nxe7 32. c3 Nf5 33. Bf2 a5 34. Rd1 b4 35. axb4 axb4 36. cxb4 Rxb4 37. Rd7+ Ke6 38. Rxc7 Rb3+ 39. Kg4 Nh6+ 40. Kh5 Rb5+ 0-1

[Event "CAN-ch"]
[Site "Guelph CAN"]
[Date "2009.08.10"]
[Round "3"]
[White "Morin, Yves"]
[Black "Haessel, Dale"]
[Result "0-1"]
[WhiteElo "2214"]
[BlackElo "2204"]
[PlyCount "70"]
[GameId "2160767910093251"]
[EventDate "2009.08.08"]
[EventType "swiss"]
[EventRounds "9"]
[EventCountry "CAN"]
[SourceTitle "CBM 132 Extra"]
[Source "ChessBase"]
[SourceDate "2009.11.03"]
[SourceVersion "1"]
[SourceVersionDate "2009.11.03"]
[SourceQuality "1"]

1. Nf3 Nf6 2. b4 e6 3. a3 b6 4. Bb2 Bb7 5. e3 d5 6. c4 Nbd7 7. Nc3 Be7 8. Rc1 c5 9. Qb3 O-O 10. b5 dxc4 11. Bxc4 Bxf3 12. gxf3 Ne5 13. Ke2 Qd7 14. Rhg1 Rfd8 15. d3 Kh8 16. Ne4 Nxc4 17. Qxc4 Ne8 18. Qc3 f6 19. a4 Nc7 20. Qc4 Nd5 21. f4 Nb4 22. Rcd1 Qd5 23. f3 Qh5 24. Nf2 Nd5 25. Rg3 Bd6 26. Rdg1 Rd7 27. Qe4 Qf5 28. Rg4 Rad8 29. Rd1 Qh5 30. Rdg1 Qf5 31. Rh4 Qxe4 32. Nxe4 Bf8 33. Rh5 Nb4 34. d4 cxd4 35. Bxd4 Nd5 0-1

[Event "CAN-ch"]
[Site "Guelph CAN"]
[Date "2009.08.11"]
[Round "4"]
[White "Arsenault, Nicolas"]
[Black "Plotkin, Victor"]
[Result "1/2-1/2"]
[WhiteElo "2161"]
[BlackElo "2215"]
[PlyCount "89"]
[GameId "2160767910093255"]
[EventDate "2009.08.08"]
[EventType "swiss"]
[EventRounds "9"]
[EventCountry "CAN"]
[SourceTitle "CBM 132 Extra"]
[Source "ChessBase"]
[SourceDate "2009.11.03"]
[SourceVersion "1"]
[SourceVersionDate "2009.11.03"]
[SourceQuality "1"]

1. e4 e5 2. Nf3 Nf6 3. Nxe5 d6 4. Nf3 Nxe4 5. Nc3 Nf6 6. d4 d5 7. Bg5 Be7 8. Bd3 O-O 9. Qd2 Nc6 10. O-O-O Nb4 11. Ne5 c6 12. Rde1 a5 13. g4 Nxd3+ 14. Qxd3 Re8 15. f3 Nd7 16. Bxe7 Rxe7 17. Nxd7 Bxd7 18. Qd2 Rxe1+ 19. Rxe1 h6 20. Qf4 Qh4 21. Kd2 Be6 22. Ne2 Re8 23. Qg3 Qe7 24. a3 c5 25. dxc5 Qxc5 26. Nf4 Rc8 27. Rc1 Bd7 28. Nd3 Qb6 29. Qf2 d4 30. h4 Bb5 31. c3 Bxd3 32. Kxd3 Qb5+ 33. c4 Qb3+ 34. Ke4 d3 35. Qd4 Re8+ 36. Kf4 Re2 37. Rc3 Qxb2 38. Qd8+ Kh7 39. Qxd3+ g6 40. h5 Re7 41. Kg3 Qa1 42. Kg2 Qe1 43. Rc2 Qe5 44. hxg6+ fxg6 45. Qd5 1/2-1/2

[Event "CAN-ch"]
[Site "Guelph CAN"]
[Date "2009.08.11"]
[Round "4"]
[White "Divljan, Igor"]
[Black "Casareno, Erwin"]
[Result "1/2-1/2"]
[WhiteElo "2412"]
[BlackElo "2254"]
[PlyCount "131"]
[GameId "2160767910093256"]
[EventDate "2009.08.08"]
[EventType "swiss"]
[EventRounds "9"]
[EventCountry "CAN"]

1. d4 d5 2. c4 e6 3. Nc3 Nf6 4. Bg5 Nbd7 5. e3 c6 6. cxd5 cxd5 7. Nf3 Bb4 8. Bd3 Bxc3+ 9. bxc3 Qa5 10. O-O Qxc3 11. Rc1 Qa5 12. Ne5 O-O 13. f4 Ne4 14. Rxc8 Rfxc8 15. Nxd7 Qxa2 16. Nc5 Nxc5 17. dxc5 Rxc5 18. f5 exf5 19. Bxf5 g6 20. Bh6 Qb2 21. Be6 fxe6 22. Qf3 Rcc8 23. h4 Qe5 24. Qf7+ Kh8 25. e4 dxe4 26. Rf6 Rg8 27. Rxe6 Qc5+ 28. Kh2 Raf8 29. Qxb7 Rb8 30. Qxe4 Rb4 31. Qe1 a5 32. Bg5 Rf8 33. Be7 Qc7+ 34. Bd6 Qd8 35. Bxf8 Rxh4+ 36. Kg1 Qd4+ 37. Re3 Kg8 38. Ba3 Re4 39. Bc1 a4 40. Kh2 Rh4+ 41. Rh3 Re4 42. Qg3 Qe5 43. Qxe5 Rxe5 44. Rh4 Ra5 45. Ba3 h5 46. Rc4 Kf7 47. Kg3 Ke6 48. Rc6+ Kf7 49. Kf4 Rf5+ 50. Kg3 Rd5 51. Kf4 Rd2 52. g3 Rd3 53. Bd6 a3 54. Ra6 a2 55. Be5 Rd2 56. Rf6+ Ke7 57. Rxg6 Rf2+ 58. Kg5 Re2 59. Bh8 h4 60. gxh4 Kf7 61. h5 Re8 62. Bg7 Re1 63. Ra6 Kxg7 64. h6+ Kh7 65. Ra7+ Kh8 66. Rxa2 1/2-1/2

[Event "CAN-ch"]
[Site "Guelph CAN"]
[Date "2009.08.11"]
[Round "4"]
[White "Haessel, Dale"]
[Black "Kaminski, Thomas"]
[Result "0-1"]
[WhiteElo "2204"]
[BlackElo "2088"]
[PlyCount "50"]
[GameId "2160767910093258"]
[EventDate "2009.08.08"]
[EventType "swiss"]
[EventRounds "9"]
[EventCountry "CAN"]
[SourceTitle "CBM 132 Extra"]
[Source "ChessBase"]
[SourceDate "2009.11.03"]
[SourceVersion "1"]
[SourceVersionDate "2009.11.03"]
[SourceQuality "1"]

1. d4 Nf6 2. c4 g6 3. Nf3 Bg7 4. g3 d6 5. Bg2 O-O 6. Nc3 Nbd7 7. O-O e5 8. e4 exd4 9. Nxd4 Re8 10. Re1 a6 11. h3 Rb8 12. Bg5 h6 13. Be3 c5 14. Nde2 Ne5 15. b3 b5 16. cxb5 axb5 17. a4 b4 18. Nb5 Rb6 19. f4 Ned7 20. Nxd6 Rxd6 21. Qxd6 Nxe4 22. Bxe4 Rxe4 23. Rad1 Rxe3 24. Qxc5 Qe8 25. Qc4 Bc3 0-1

[Event "CAN-ch"]
[Site "Guelph CAN"]
[Date "2009.08.11"]
[Round "4"]
[White "Livshits, Ron"]
[Black "Hambleton, Aman"]
[Result "1-0"]
[WhiteElo "2332"]
[BlackElo "2052"]
[PlyCount "59"]
[GameId "2160767910093262"]
[EventDate "2009.08.08"]
[EventType "swiss"]
[EventRounds "9"]
[EventCountry "CAN"]
[SourceTitle "CBM 132 Extra"]
[Source "ChessBase"]
[SourceDate "2009.11.03"]
[SourceVersion "1"]
[SourceVersionDate "2009.11.03"]
[SourceQuality "1"]

1. d4 Nf6 2. c4 c5 3. d5 b5 4. cxb5 a6 5. bxa6 g6 6. Nc3 Bxa6 7. Nf3 d6 8. e4 Bxf1 9. Kxf1 Nbd7 10. g3 Bg7 11. Kg2 O-O 12. Re1 Ra6 13. Bf4 Qa8 14. Re2 Ng4 15. h3 Nge5 16. Nxe5 Nxe5 17. Rc1 Rb8 18. Rcc2 Nc4 19. Qd3 Rb4 20. a3 Nxb2 21. Rxb2 Rxa3 22. Rbc2 Rd4 23. Qb5 Rb4 24. Qc6 Qb8 25. Ra2 Rb6 26. Reb2 Rxb2 27. Rxa3 Bd4 28. Nd1 Qb4 29. Ra8+ Kg7 30. Qe8 1-0

[Event "CAN-ch"]
[Site "Guelph CAN"]
[Date "2009.08.11"]
[Round "4"]
[White "Me, Kevin"]
[Black "Humphreys, Michael"]
[Result "1-0"]
[WhiteElo "2145"]
[BlackElo "1999"]
[PlyCount "62"]
[GameId "2160767910093263"]
[EventDate "2009.08.08"]
[EventType "swiss"]
[EventRounds "9"]
[EventCountry "CAN"]
[SourceTitle "CBM 132 Extra"]
[Source "ChessBase"]
[SourceDate "2009.11.03"]
[SourceVersion "1"]
[SourceVersionDate "2009.11.03"]
[SourceQuality "1"]

1. e4 c5 2. Nf3 Nc6 3. d4 cxd4 4. Nxd4 g6 5. Nc3 Bg7 6. Be3 Nf6 7. Nxc6 bxc6 8. e5 Ng8 9. Bd4 f6 10. f4 Qa5 11. exf6 Nxf6 12. Qd2 Rb8 13. Rb1 c5 14. Be5 d6 15. Bxf6 Bxf6 16. Nd5 Qxa2 17. Nxf6+ exf6 18. Kf2 Ke7 19. Bb5 Rd8 20. Rhe1+ Kf8 21. c4 Qb3 22. Ra1 a6 23. Qe2 Bg4 24. Qe7+ Kg8 25. Rxa6 Qxb2+ 26. Kg1 Qd4+ 27. Kh1 Ra8 28. h3 Bf5 29. Rb6 Rab8 30. Ra6 Ra8 31. Bc6 Rd7 1-0

[Event "CAN-ch"]
[Site "Guelph CAN"]
[Date "2009.08.11"]
[Round "4"]
[White "Sapozhnikov, Roman"]
[Black "Bluvshtein, Mark"]
[Result "0-1"]
[WhiteElo "2177"]
[BlackElo "2558"]
[PlyCount "84"]
[GameId "2160767910093268"]
[EventDate "2009.08.08"]
[EventType "swiss"]
[EventRounds "9"]
[EventCountry "CAN"]
[SourceTitle "CBM 132 Extra"]
[Source "ChessBase"]
[SourceDate "2009.11.03"]
[SourceVersion "1"]
[SourceVersionDate "2009.11.03"]
[SourceQuality "1"]

1. e4 e5 2. Nf3 Nf6 3. d4 Nxe4 4. Bd3 d5 5. Nxe5 Nd7 6. Nc3 Nxc3 7. bxc3 Nxe5 8. dxe5 Bc5 9. O-O Be6 10. Rb1 Bb6 11. Qh5 h6 12. a4 Qd7 13. Bg5 Rg8 14. Be3 Bxe3 15. fxe3 O-O-O 16. Qh4 c5 17. Rb5 Qc6 18. Rfb1 Rd7 19. Ra5 Kb8 20. Ra6 Qc7 21. Bb5 Rdd8 22. Rc6 bxc6 23. Ba6+ Ka8 24. Bb7+ Qxb7 25. Rxb7 Kxb7 26. Qe7+ Kb6 27. a5+ Ka6 28. Qxc5 Rc8 29. Kf2 Rgd8 30. Ke2 Rd7 31. e4 dxe4 32. c4 h5 33. h3 g6 34. Ke1 Rb7 35. Kd2 Rb2 36. Kc3 Ra2 37. Qd4 Ra4 38. Kd2 Rxc4 39. Qd6 h4 40. Qe7 Rb8 41. Kc1 Rb5 42. Qg5 Rbc5 0-1

[Event "CAN-ch"]
[Site "Guelph CAN"]
[Date "2009.08.11"]
[Round "4"]
[White "Vincent, Trevor"]
[Black "Calugar, Arthur"]
[Result "1-0"]
[WhiteElo "2290"]
[BlackElo "2288"]
[PlyCount "100"]
[GameId "2160767910093269"]
[EventDate "2009.08.08"]
[EventType "swiss"]
[EventRounds "9"]
[EventCountry "CAN"]

1. c4 e5 2. g3 f5 3. Bg2 Nf6 4. d4 exd4 5. Qxd4 Be7 6. Nc3 Nc6 7. Qd3 d6 8. Nh3 Ne5 9. Qc2 O-O 10. O-O Kh8 11. b3 Nh5 12. e3 Rb8 13. Bb2 Bd7 14. Nf4 Nxf4 15. exf4 Ng6 16. Nd5 Bc6 17. Rac1 Qd7 18. Bh3 Rf7 19. Rfe1 Bf8 20. Re3 Ne7 21. Nb4 Kg8 22. Nxc6 bxc6 23. Qc3 d5 24. Bg2 Rd8 25. Rd3 Qe6 26. cxd5 cxd5 27. Qxc7 Rc8 28. Qa5 Qe2 29. Qd2 Rxc1+ 30. Bxc1 Qe6 31. Bb2 Qa6 32. Be5 h6 33. Rc3 Qa5 34. Rd3 Qd8 35. Qc3 Kh7 36. Bf3 Qd7 37. Rd4 Qb5 38. Qd3 Qb6 39. Ra4 Qb7 40. Qd4 a5 41. Qd2 Ng6 42. Bxd5 Qd7 43. Rd4 Bb4 44. Bxf7 Qxf7 45. Qd3 Nxe5 46. fxe5 Qe6 47. Rd5 Bc3 48. g4 g6 49. Rd7+ Kg8 50. Rd8+ Kf7 1-0

[Event "CAN-ch"]
[Site "Guelph CAN"]
[Date "2009.08.12"]
[Round "5"]
[White "Calugar, Arthur"]
[Black "Haessel, Dale"]
[Result "0-1"]
[WhiteElo "2072"]
[BlackElo "2204"]
[PlyCount "130"]
[GameId "2160767910093271"]
[EventDate "2009.08.08"]
[EventType "swiss"]
[EventRounds "9"]
[EventCountry "CAN"]
[SourceTitle "CBM 132 Extra"]
[Source "ChessBase"]
[SourceDate "2009.11.03"]
[SourceVersion "1"]
[SourceVersionDate "2009.11.03"]
[SourceQuality "1"]

1. b3 Nf6 2. Bb2 g6 3. g3 Bg7 4. Bg2 c5 5. c4 Nc6 6. Nf3 O-O 7. O-O Qa5 8. Nc3 Ne4 9. Na4 Bxb2 10. Nxb2 d6 11. d3 Nf6 12. d4 cxd4 13. Nxd4 Bd7 14. e3 Rac8 15. Nd3 Rfd8 16. a3 Nxd4 17. exd4 b5 18. c5 Bg4 19. f3 Bf5 20. b4 Qc7 21. Rc1 dxc5 22. Nxc5 e5 23. Ne4 Qb6 24. Rxc8 Bxc8 25. Nxf6+ Qxf6 26. d5 Bb7 27. f4 Rd7 28. Qd3 a6 29. h3 Kg7 30. Kh2 h5 31. h4 exf4 32. Rxf4 Qe5 33. Rd4 Rd6 34. Re4 Qb2 35. Re2 Qf6 36. Qe3 Bxd5 37. Rf2 Qe6 38. Qd4+ Kh7 39. Rd2 Bxg2 40. Qxd6 Qh3+ 41. Kg1 Qh1+ 42. Kf2 Qf1+ 43. Ke3 Qe1+ 44. Re2 Qc3+ 45. Kf2 Qf3+ 46. Ke1 Qf1+ 47. Kd2 Bf3 48. Qd3 Qxe2+ 49. Qxe2 Bxe2 50. Kxe2 f6 51. Ke3 g5 52. Kf3 Kg6 53. Ke4 gxh4 54. gxh4 Kg7 55. Kf4 Kf8 56. Kf3 Ke7 57. Ke4 Ke6 58. Kf4 f5 59. Kg5 Ke5 60. Kxh5 Kf6 61. Kh6 f4 62. h5 f3 63. Kh7 f2 64. h6 f1=Q 65. Kg8 Qg2+ 0-1

[Event "CAN-ch"]
[Site "Guelph CAN"]
[Date "2009.08.12"]
[Round "5"]
[White "Casareno, Erwin"]
[Black "Morin, Yves"]
[Result "0-1"]
[WhiteElo "2254"]
[BlackElo "2160"]
[PlyCount "112"]
[GameId "2160767910093272"]
[EventDate "2009.08.08"]
[EventType "swiss"]
[EventRounds "9"]
[EventCountry "CAN"]

1. c4 e5 2. Nc3 d6 3. g3 Nf6 4. Bg2 Be7 5. e4 Nc6 6. Nge2 Bg4 7. h3 Bxe2 8. Qxe2 Nd4 9. Qd1 c6 10. d3 Nd7 11. Be3 a5 12. O-O Nc5 13. Rb1 O-O 14. f4 Bf6 15. Qd2 a4 16. f5 Qa5 17. g4 h6 18. h4 Bxh4 19. Bxh6 f6 20. Be3 Kf7 21. Bf3 Rh8 22. g5 Bg3 23. g6+ Ke7 24. Bg2 Rh4 25. Rfd1 Bf4 26. Kf2 Bxe3+ 27. Qxe3 Rf4+ 28. Kg1 Rh8 29. Ne2 Nxe2+ 30. Qxe2 Qa7 31. Qe3 Rhh4 32. Rf1 Rxf1+ 33. Kxf1 Qa6 34. Ke2 Qa8 35. Kd2 Qh8 36. Kc3 Rh2 37. Qg3 Qh6 38. b4 axb3 39. axb3 Na6 40. b4 c5 41. bxc5 Nxc5 42. Rd1 Kd7 43. d4 Nxe4+ 44. Bxe4 Rh3 45. Qxh3 Qxh3+ 46. Rd3 Qg4 47. Re3 Qf4 48. Kd3 Qf1+ 49. Re2 Kc7 50. dxe5 dxe5 51. Kd2 Kb6 52. Bd3 Qf4+ 53. Kc2 Kc5 54. Re1 Qf2+ 55. Re2 Qf3 56. Re4 Qxf5 0-1

[Event "CAN-ch"]
[Site "Guelph CAN"]
[Date "2009.08.12"]
[Round "5"]
[White "Jiang, Louie"]
[Black "Gerzhoy, Leonid"]
[Result "1/2-1/2"]
[WhiteElo "2250"]
[BlackElo "2409"]
[PlyCount "110"]
[GameId "2160767910093276"]
[EventDate "2009.08.08"]
[EventType "swiss"]
[EventRounds "9"]
[EventCountry "CAN"]
[SourceTitle "CBM 132 Extra"]
[Source "ChessBase"]
[SourceDate "2009.11.03"]
[SourceVersion "1"]
[SourceVersionDate "2009.11.03"]
[SourceQuality "1"]

1. e4 c5 2. Nf3 d6 3. d4 cxd4 4. Nxd4 Nf6 5. f3 Nc6 6. c4 Nxd4 7. Qxd4 g6 8. Nc3 Bg7 9. Be3 O-O 10. Qd2 Qa5 11. Rc1 Be6 12. b3 Rfc8 13. Nb5 Qxd2+ 14. Kxd2 Nd7 15. g3 a5 16. Nc3 Bxc3+ 17. Rxc3 a4 18. Rc2 axb3 19. axb3 Nc5 20. Bxc5 dxc5 21. Be2 Ra3 22. Rb2 f5 23. e5 g5 24. Rd1 f4 25. gxf4 gxf4 26. Ke1 Kf7 27. Bd3 Rg8 28. Bxh7 Rg5 29. Be4 Rxe5 30. Kf2 Rh5 31. Kg1 Rg5+ 32. Kh1 b6 33. Rg1 Rxg1+ 34. Kxg1 Kf6 35. h4 Bf7 36. Kf2 Ra1 37. Bb1 Bh5 38. Kg2 Ke5 39. Re2+ Kd4 40. Bf5 Kc3 41. Bg4 Bg6 42. Rxe7 Bd3 43. h5 Kxb3 44. h6 Kxc4 45. h7 Bxh7 46. Rxh7 Rd1 47. Be6+ Kc3 48. Rb7 Rd6 49. Bf5 Rh6 50. Be4 c4 51. Rf7 Kb2 52. Rxf4 c3 53. Rf7 c2 54. Bxc2 Kxc2 55. Kg3 b5 1/2-1/2

[Event "CAN-ch"]
[Site "Guelph CAN"]
[Date "2009.08.12"]
[Round "5"]
[White "Martchenko, Alexander"]
[Black "Arsenault, Nicolas"]
[Result "1-0"]
[WhiteElo "2039"]
[BlackElo "2161"]
[PlyCount "37"]
[GameId "2160767910093279"]
[EventDate "2009.08.08"]
[EventType "swiss"]
[EventRounds "9"]
[EventCountry "CAN"]
[SourceTitle "CBM 132 Extra"]
[Source "ChessBase"]
[SourceDate "2009.11.03"]
[SourceVersion "1"]
[SourceVersionDate "2009.11.03"]
[SourceQuality "1"]

1. e4 e6 2. d4 d5 3. exd5 exd5 4. Nf3 Nc6 5. Bb5 Bd6 6. O-O Nge7 7. c4 a6 8. Bxc6+ Nxc6 9. Re1+ Be7 10. cxd5 Nb4 11. Nc3 Nxd5 12. Nxd5 Qxd5 13. Bg5 f6 14. Qe2 Qd8 15. Bf4 Bg4 16. Rac1 Rc8 17. d5 Bxf3 18. gxf3 Kf8 19. Qe6 1-0

[Event "CAN-ch"]
[Site "Guelph CAN"]
[Date "2009.08.12"]
[Round "5"]
[White "Plotkin, Victor"]
[Black "Qin, Zi Yi (Joey)"]
[Result "1-0"]
[WhiteElo "2366"]
[BlackElo "2208"]
[PlyCount "83"]
[GameId "2160767910093281"]
[EventDate "2009.08.08"]
[EventType "swiss"]
[EventRounds "9"]
[EventCountry "CAN"]

1. e4 c5 2. Nc3 Nc6 3. g3 g6 4. Bg2 Bg7 5. d3 d6 6. f4 e6 7. Nf3 Nge7 8. O-O O-O 9. Be3 Nd4 10. Qd2 Nec6 11. Nd1 Nxf3+ 12. Bxf3 f5 13. c3 Qe7 14. d4 cxd4 15. cxd4 fxe4 16. Bxe4 d5 17. Bg2 Qb4 18. Qxb4 Nxb4 19. Rf2 Bd7 20. Nc3 Rac8 21. Rd2 Nc6 22. Bf2 Na5 23. Bh3 Rc7 24. Re2 Kf7 25. Rae1 Re8 26. g4 Bc6 27. f5 Rce7 28. fxg6+ Kxg6 29. b4 Nc4 30. b5 Bd7 31. Nxd5 Rf7 32. Nc7 Ref8 33. Nxe6 Bxe6 34. Rxe6+ Kg5 35. Re7 Bf6 36. Rxf7 Rxf7 37. Bf1 Nd6 38. Re6 Nc8 39. Be2 Nb6 40. h4+ Kf4 41. Kg2 Nd5 42. Bg3# 1-0

[Event "CAN-ch"]
[Site "Guelph CAN"]
[Date "2009.08.13"]
[Round "6"]
[White "Haessel, Dale"]
[Black "Hambleton, Aman"]
[Result "1-0"]
[WhiteElo "2204"]
[BlackElo "2052"]
[PlyCount "63"]
[GameId "2160767910093286"]
[EventDate "2009.08.08"]
[EventType "swiss"]
[EventRounds "9"]
[EventCountry "CAN"]
[SourceTitle "CBM 132 Extra"]
[Source "ChessBase"]
[SourceDate "2009.11.03"]
[SourceVersion "1"]
[SourceVersionDate "2009.11.03"]
[SourceQuality "1"]

1. d4 Nf6 2. c4 c5 3. d5 b5 4. cxb5 a6 5. bxa6 g6 6. Nc3 Bxa6 7. g3 d6 8. Bg2 Bg7 9. Nf3 O-O 10. O-O Nbd7 11. Rb1 Nb6 12. b3 Ne8 13. Bb2 Nc7 14. Qd2 Bxc3 15. Bxc3 f6 16. Nh4 Qc8 17. Rfe1 g5 18. Ba5 Rb8 19. Nf3 Ncxd5 20. Nxg5 Qf5 21. Nh3 Nc7 22. e4 Qh5 23. Nf4 Qh6 24. Rbd1 Bc8 25. Bxb6 Rxb6 26. Qa5 Rb7 27. e5 fxe5 28. Bxb7 Bxb7 29. Qxc7 Bf3 30. Qxe7 Rxf4 31. Rxd6 Re4 32. Rd8+ 1-0

[Event "CAN-ch"]
[Site "Guelph CAN"]
[Date "2009.08.13"]
[Round "6"]
[White "Humphreys, Michael"]
[Black "Casareno, Erwin"]
[Result "1-0"]
[WhiteElo "2142"]
[BlackElo "2254"]
[PlyCount "59"]
[GameId "2160767910093288"]
[EventDate "2009.08.08"]
[EventType "swiss"]
[EventRounds "9"]
[EventCountry "CAN"]

1. d4 d5 2. c4 c6 3. Nf3 Nf6 4. Nc3 e6 5. Qb3 Nbd7 6. g3 Bd6 7. Bg2 O-O 8. O-O Re8 9. e4 dxe4 10. Ng5 h6 11. Ngxe4 Nxe4 12. Nxe4 Nf6 13. Nxd6 Qxd6 14. Rd1 e5 15. dxe5 Qxe5 16. Bf4 Qh5 17. Re1 Bh3 18. Qxb7 Bxg2 19. Kxg2 Ng4 20. h3 Nxf2 21. Kxf2 Qxh3 22. Qxc6 Rec8 23. Qg2 Qf5 24. Qe4 Qh3 25. Rad1 g5 26. Bc1 Re8 27. Qf3 g4 28. Qh1 Qxh1 29. Rxe8+ Rxe8 30. Rxh1 1-0

[Event "CAN-ch"]
[Site "Guelph CAN"]
[Date "2009.08.13"]
[Round "6"]
[White "Kaminski, Victor"]
[Black "Martchenko, Alexander"]
[Result "1/2-1/2"]
[WhiteElo "2268"]
[BlackElo "2039"]
[PlyCount "47"]
[GameId "2160767910093289"]
[EventDate "2009.08.08"]
[EventType "swiss"]
[EventRounds "9"]
[EventCountry "CAN"]
[SourceTitle "CBM 132 Extra"]
[Source "ChessBase"]
[SourceDate "2009.11.03"]
[SourceVersion "1"]
[SourceVersionDate "2009.11.03"]
[SourceQuality "1"]

1. d4 d5 2. Nf3 c6 3. Bf4 Qb6 4. Qc1 Nf6 5. c4 Bf5 6. c5 Qd8 7. Nc3 e6 8. h3 Be7 9. e3 Nbd7 10. Be2 h6 11. b4 Ne4 12. O-O O-O 13. Qb2 Bf6 14. Nxe4 Bxe4 15. Nd2 Bf5 16. Rfd1 Re8 17. Be5 Bxe5 18. dxe5 Qc7 19. f4 b6 20. cxb6 axb6 21. Rac1 Rec8 22. Nb3 Be4 23. Nd4 Qb7 24. Rc3 1/2-1/2

[Event "CAN-ch"]
[Site "Guelph CAN"]
[Date "2009.08.13"]
[Round "6"]
[White "Livshits, Ron"]
[Black "Bluvshtein, Mark"]
[Result "0-1"]
[WhiteElo "2332"]
[BlackElo "2558"]
[PlyCount "62"]
[GameId "2160767910093290"]
[EventDate "2009.08.08"]
[EventType "swiss"]
[EventRounds "9"]
[EventCountry "CAN"]
[SourceTitle "CBM 132 Extra"]
[Source "ChessBase"]
[SourceDate "2009.11.03"]
[SourceVersion "1"]
[SourceVersionDate "2009.11.03"]
[SourceQuality "1"]

1. Nf3 Nf6 2. e3 g6 3. c4 Bg7 4. Nc3 O-O 5. Be2 d6 6. O-O e5 7. d3 Nc6 8. Rb1 Bf5 9. Nd2 Ne7 10. e4 Be6 11. b4 Nc6 12. Re1 Nd4 13. Bf1 c6 14. Nb3 Nxb3 15. Qxb3 Nh5 16. Be3 f5 17. exf5 gxf5 18. Rbd1 Qd7 19. f3 d5 20. Bc5 Rf7 21. Bf2 d4 22. Nb1 Kh8 23. Nd2 Rg8 24. Qc2 Bf6 25. Kh1 Rfg7 26. Nb3 b6 27. Nc1 Rg6 28. Ne2 f4 29. Nc1 Qg7 30. Bxd4 Ng3+ 31. hxg3 Qh6+ 0-1

[Event "CAN-ch"]
[Site "Guelph CAN"]
[Date "2009.08.13"]
[Round "6"]
[White "MacKinnon, Keith"]
[Black "Me, Kevin"]
[Result "1/2-1/2"]
[WhiteElo "2148"]
[BlackElo "2145"]
[PlyCount "47"]
[GameId "2160767910093291"]
[EventDate "2009.08.08"]
[EventType "swiss"]
[EventRounds "9"]
[EventCountry "CAN"]
[SourceTitle "CBM 132 Extra"]
[Source "ChessBase"]
[SourceDate "2009.11.03"]
[SourceVersion "1"]
[SourceVersionDate "2009.11.03"]
[SourceQuality "1"]

1. e4 c5 2. Nf3 d6 3. d4 cxd4 4. Nxd4 Nf6 5. Nc3 a6 6. Bg5 e6 7. f4 Be7 8. Qf3 Qc7 9. O-O-O Nbd7 10. Bd3 b5 11. Rhe1 Bb7 12. Qg3 b4 13. Nd5 exd5 14. e5 dxe5 15. fxe5 Nh5 16. Qh4 Bxg5+ 17. Qxg5 g6 18. e6 Nc5 19. exf7+ Kxf7 20. Rf1+ Kg8 21. Nf5 Ne6 22. Nh6+ Kg7 23. Nf5+ Kg8 24. Ne7+ 1/2-1/2

[Event "CAN-ch"]
[Site "Guelph CAN"]
[Date "2009.08.13"]
[Round "6"]
[White "Morin, Yves"]
[Black "Henry, Liam"]
[Result "1/2-1/2"]
[WhiteElo "2214"]
[BlackElo "2186"]
[PlyCount "64"]
[GameId "2160767910093292"]
[EventDate "2009.08.08"]
[EventType "swiss"]
[EventRounds "9"]
[EventCountry "CAN"]
[SourceTitle "CBM 132 Extra"]
[Source "ChessBase"]
[SourceDate "2009.11.03"]
[SourceVersion "1"]
[SourceVersionDate "2009.11.03"]
[SourceQuality "1"]

1. Nf3 Nf6 2. b3 d5 3. Bb2 e6 4. e3 c5 5. Bb5+ Bd7 6. a4 a6 7. Bxd7+ Nbxd7 8. c4 dxc4 9. bxc4 Bd6 10. d3 b6 11. Nbd2 Qc7 12. Qc2 h6 13. h3 Ne5 14. Rb1 Rb8 15. O-O O-O 16. Qc3 Nxf3+ 17. Nxf3 Rfd8 18. Rfd1 Qc6 19. Qc2 Nd7 20. Bc3 Qc7 21. Qb2 f6 22. Qc2 Ne5 23. Bxe5 Bxe5 24. Rb3 Bd6 25. Rdb1 Qd7 26. Qa2 Bc7 27. Qa1 Rbc8 28. Qa3 Qc6 29. Rc3 Rd7 30. Qb3 Rcd8 31. Qc2 Qd6 32. Kf1 Qc6 1/2-1/2

[Event "CAN-ch"]
[Site "Guelph CAN"]
[Date "2009.08.13"]
[Round "6"]
[White "Plotkin, Victor"]
[Black "Jiang, Louie"]
[Result "0-1"]
[WhiteElo "2215"]
[BlackElo "2250"]
[PlyCount "124"]
[GameId "2160767910093295"]
[EventDate "2009.08.08"]
[EventType "swiss"]
[EventRounds "9"]
[EventCountry "CAN"]
[SourceTitle "CBM 132 Extra"]
[Source "ChessBase"]
[SourceDate "2009.11.03"]
[SourceVersion "1"]
[SourceVersionDate "2009.11.03"]
[SourceQuality "1"]

1. e4 c5 2. c3 d5 3. exd5 Qxd5 4. d4 Nf6 5. Nf3 a6 6. dxc5 Qxc5 7. Be3 Qc7 8. Nbd2 g6 9. Qb3 Bg7 10. g3 O-O 11. Bg2 Nbd7 12. Qc4 Qxc4 13. Nxc4 Ng4 14. Bg5 h6 15. Bd2 Nc5 16. Nb6 Rb8 17. Nxc8 Rbxc8 18. Ke2 Rcd8 19. h3 Nf6 20. Be3 Na4 21. Rab1 Nd5 22. Nd2 Nxe3 23. Kxe3 Rd7 24. Be4 Rfd8 25. Nf3 Nb6 26. Ke2 Nc4 27. Rhd1 Rxd1 28. Rxd1 Rxd1 29. Kxd1 Nxb2+ 30. Kc2 Na4 31. Bxb7 Nxc3 32. Kb3 a5 33. Bc6 Nd1 34. Nd2 Nxf2 35. Nc4 Nd3 36. Nxa5 Nc1+ 37. Ka3 Ne2 38. g4 f5 39. gxf5 gxf5 40. Bd5+ Kf8 41. Kb3 e5 42. Kc4 e4 43. Nb3 Nc3 44. Nc5 Ke7 45. a4 Kd6 46. Bb7 e3 47. a5 e2 48. Nd3 Na4 49. Bf3 Nb2+ 50. Kb5 Nxd3 51. Bxe2 Ne5 52. a6 Nc6 53. Kc4 Bd4 54. Bd3 Ke5 55. Bf1 Ba7 56. Bg2 Nd4 57. Bb7 Kf4 58. Kd5 Kg3 59. Ke5 h5 60. h4 f4 61. Bd5 f3 62. Bc4 Nc2 0-1